| 000 | 00758nam a2200193 i 4500 | ||
|---|---|---|---|
| 001 | 54449 | ||
| 003 | ES-MaACL | ||
| 005 | 20230906162946.0 | ||
| 007 | t| | ||
| 008 | 031216s1899 fr ||||1| fre d | ||
| 100 | 1 |
_aForns, Rafael María. _951796 |
|
| 245 | 1 | 0 |
_aLecture sur l'image laryngoscopique du fonctionnement élémentaire de chacun des muscles intrinsèqus du larynx et clé de l'énigme de l'innervation spéciale du crico-thyroidien / _cpar le Dr. R. Forns. |
| 260 |
_aParis : _bMasson et Cie, _c[1899] |
||
| 300 |
_aP. 640-644 ; _c22 cm. |
||
| 500 | _aSeparata de: Annales des maladies de l'oreille, du larynx, du nez et du pharynx. | ||
| 650 | 4 |
_aLaringe. _9165412 |
|
| 650 | 0 | 4 |
_aOtorrinolaringología. _915780 |
| 852 |
_aES-MaACL _jT-929-F-3 |
||
| 999 |
_c54449 _d54449 |
||